00329pab a2200121 454500008004000000100002100040245004600061260000900107300001000116362001300126650005300139773001500192180718b1991 xxu||||| |||| 00| 0 eng d aChaturvedi, J.P. aAmbedkar's contribution to national unity c1991 a29-32 a28 Sept. aAmbedkar, B.R. - Criticism And Inter - Pretation aMainstream